000 00508nam a2200205Ia 4500
003 OSt
005 20140311163113.0
008 140130s9999 xx 000 0 und d
020 _a0590273809
050 _aPZ 7
_b.K237G6 1994
100 _aKeena, Sheila
_931287
245 _aGood morning, Monday /
_cKeena, Sheila
260 _bScholastic,
_c1994.
_aNew York :
300 _a16 p :
_bcol. ill. ;
_c24 cm.
440 _v1
_931174
521 _aG3
526 _c560
942 _cBK
_2lcc
999 _c40650
_d40650